00358nam a22001457a 4500003000400000005001700004008004100021020001500062040000700077082001300084100002400097245005600121260002700177300000800204OSt20220202094440.0220202b |||||||| |||| 00| 0 eng d a0139141014 cHU a621.3822 aRabiner R. Lawence aTheory And Application Of Digital Signal Processing aNew JerseybNew Jersey f762